000 00328 a2200157 4500
001 58892
020 _a8508081693
040 _cAnchieta - Pituba
100 _aRigolin, Tércio Barbosa
240 1 0 _aGeografia
_lpor
245 1 0 _aGeografia
300 _a464
362 0 _a2002
650 4 _aGeografia e viagens
942 _cBK
999 _c58892
_d58892